Central Library OPAC University of Rajshahi

Islamic art / (Record no. 44684)

MARC details
000 -LEADER
fixed length control field 00641nam a2200229 a 4500
001 - CONTROL NUMBER
control field 44684
003 - CONTROL NUMBER IDENTIFIER
rucl marc code BD-RjUL
005 - DATE AND TIME OF LATEST TRANSACTION
control field 20211209053912.0
008 - FIXED-LENGTH DATA ELEMENTS--GENERAL INFORMATION
fixed length control field 910513s1991 enka 000 0 eng d
020 ## - INTERNATIONAL STANDARD BOOK NUMBER
International Standard Book Number 071411443X
035 ## - SYSTEM CONTROL NUMBER
System control number (BD-RjUL)44802
040 ## - CATALOGING SOURCE
Original cataloging agency DLC
Language of cataloging eng
Transcribing agency BD-RjUL
Modifying agency BD-RjUL
041 ## - LANGUAGE CODE
Language code of text/sound track or separate title eng
082 ## - DEWEY DECIMAL CLASSIFICATION NUMBER
Classification number 709.17671
Edition number 23
Author mark and year BRI 1991
100 1# - MAIN ENTRY--PERSONAL NAME
Personal name Brend, Barbara,
Dates associated with a name 1940-.
9 (RLIN) 63522
245 10 - TITLE STATEMENT
Title Islamic art /
Statement of responsibility, etc. Barbara Brend
260 ## - PUBLICATION, DISTRIBUTION, ETC. (IMPRINT)
Place of publication, distribution, etc. London :
Name of publisher, distributor, etc. British Museum Press,
Date of publication, distribution, etc. c1991
300 ## - PHYSICAL DESCRIPTION
Pagination 240 p. :
Illustrations ill. ;
Size 25 cm
504 ## - BIBLIOGRAPHY, ETC. NOTE
Bibliography, etc Includes bibliography and index
650 #0 - SUBJECT ADDED ENTRY--TOPICAL TERM
Topical term or geographic name as entry element Islamic art
General subdivision History
9 (RLIN) 245782
942 ## - ADDED ENTRY ELEMENTS (KOHA)
Source of classification or shelving scheme Dewey Decimal Classification
Koha item type Rare Books
Holdings
Lost status Source of classification or shelving scheme Damaged status Not for loan Collection code Permanent Location Current Location Shelving location Date acquired Source of acquisition Cost, normal purchase price Total Checkouts Full call number Date last seen Copy number Koha item type
  Dewey Decimal Classification   Not For Loan Rare Books Central Library, University of Rajshahi Central Library, University of Rajshahi Rare Book Section 11/02/1996 Dhaka, Zeenat Boo Supply Ltd. 1496.25   RA 709.17671 BRI 1991 09/03/2021 C-1 Rare Books